The Disappearing South? : (Record no. 1730)

MARC details
000 -LEADER
fixed length control field 01477cam a2200349 a 4500
001 - CONTROL NUMBER
control field 1021586
003 - CONTROL NUMBER IDENTIFIER
control field OSt
005 - DATE AND TIME OF LATEST TRANSACTION
control field 20230620133111.0
008 - FIXED-LENGTH DATA ELEMENTS--GENERAL INFORMATION
fixed length control field 881109s1990 alu b s001 0 eng
010 ## - LIBRARY OF CONGRESS CONTROL NUMBER
LC control number 88029605
020 ## - INTERNATIONAL STANDARD BOOK NUMBER
International Standard Book Number 0817304398
040 ## - CATALOGING SOURCE
Original cataloging agency DLC
Transcribing agency DLC
Modifying agency DLC
Description conventions 19
043 ## - GEOGRAPHIC AREA CODE
Geographic area code n-usu--
082 00 - DEWEY DECIMAL CLASSIFICATION NUMBER
Classification number 320.97
Item number STE
245 04 - TITLE STATEMENT
Title The Disappearing South? :
Remainder of title studies in regional change and continuity /
Statement of responsibility, etc. edited by Robert P. Steed, Laurence W. Moreland, Tod A. Baker.
260 ## - PUBLICATION, DISTRIBUTION, ETC. (IMPRINT)
Place of publication, distribution, etc. Tuscaloosa :
Name of publisher, distributor, etc. University of Alabama Press,
Date of publication, distribution, etc. c1990.
300 ## - PHYSICAL DESCRIPTION
Extent xii, 224 p. ;
Dimensions 24 cm.
500 ## - GENERAL NOTE
General note Developed from the fifth Citadel Symposium on Southern Politics, held at the Citadel, March 6-7, 1986, Charleston, S.C.
504 ## - BIBLIOGRAPHY, ETC. NOTE
Bibliography, etc Includes bibliographical references (p. 204-215) and index.
650 #0 - SUBJECT ADDED ENTRY--TOPICAL TERM
Topical term or geographic name as entry element Regionalism
Geographic subdivision Southern States.
650 #0 - SUBJECT ADDED ENTRY--TOPICAL TERM
Topical term or geographic name as entry element Political culture
Geographic subdivision Southern States.
651 #0 - SUBJECT ADDED ENTRY--GEOGRAPHIC NAME
Geographic name Southern States
General subdivision Politics and government
Chronological subdivision 1951-
700 1# - ADDED ENTRY--PERSONAL NAME
Personal name Steed, Robert P.
700 1# - ADDED ENTRY--PERSONAL NAME
Personal name Moreland, Laurence W.
700 1# - ADDED ENTRY--PERSONAL NAME
Personal name Baker, Tod A.
711 2# - ADDED ENTRY--MEETING NAME
Meeting name or jurisdiction name as entry element Citadel Symposium on Southern Politics
Number of part/section/meeting (5th :
Date of meeting 1986 :
Location of meeting Charleston, S.C.)
856 42 - ELECTRONIC LOCATION AND ACCESS
Materials specified Contributor biographical information
Uniform Resource Identifier <a href="http://www.loc.gov/catdir/enhancements/fy1111/88029605-b.html">http://www.loc.gov/catdir/enhancements/fy1111/88029605-b.html</a>
856 42 - ELECTRONIC LOCATION AND ACCESS
Materials specified Publisher description
Uniform Resource Identifier <a href="http://www.loc.gov/catdir/enhancements/fy1111/88029605-d.html">http://www.loc.gov/catdir/enhancements/fy1111/88029605-d.html</a>
906 ## - LOCAL DATA ELEMENT F, LDF (RLIN)
a 7
b cbc
c orignew
d 1
e ocip
f 19
g y-gencatlg
942 ## - ADDED ENTRY ELEMENTS (KOHA)
Source of classification or shelving scheme Dewey Decimal Classification
Koha item type Books
Holdings
Withdrawn status Lost status Source of classification or shelving scheme Damaged status Not for loan Home library Current library Date acquired Total Checkouts Full call number Barcode Date last seen Price effective from Koha item type
    Dewey Decimal Classification     County Hall Archives County Hall Archives 06/20/2023   320.97 STE 10000798 06/20/2023 06/20/2023 Books
LIBRARY OPENING HOURS

When the Parliament is sitting: 8.00a.m - 7.00p.m or until the house adjourns
Mondays and Fridays and when the House is on Recess:  8.00a.m - 5.00p.m
Closed on Weekends and Public Holidays

Online Public Access Catalog (OPAC)
Website: http://www.parliament.go.ke
Bunge Library: https://libraryir.parliament.go.ke
Contact: library@parliament.go.ke | Tel no: (254-2)2221291 or 2848000 Ext 5043